| 000 | 01394cad a22002415a 4500 | ||
|---|---|---|---|
| 001 | L154142 | ||
| 008 | 111019s2011 xxk f 000 0 eng d | ||
| 035 | _a(Sirsi) u154142 | ||
| 041 | 0 | _aeng | |
| 110 | 2 |
_aIFF Research Limited _92228 |
|
| 245 | 0 | 0 |
_aManagement and supervisory skills research _breport _h[electronic resource] |
| 260 |
_aLondon _bIFF Research Ltd _c2011 |
||
| 505 | 2 | _aIntroduction -- Management summary -- The management and supervisory workforce -- Current training for managers and supervisors -- Skill gaps among managers and supervisors -- The training implications of introducing new products or processes and of emerging 'green' job roles -- Awareness, impact and views of the management and supervisory development programme (MSDP) -- Annex 1: federations covered in the current and the 2007 surveys -- Annex 2: detail of the skills gaps encountered by employers | |
| 520 | _aExamines the gaps in management skills in the UK construction industry. | ||
| 590 | _aKA NTK | ||
| 651 | 4 |
_aUnited Kingdom _y |
|
| 690 | _aCAREERS, EDUCATION AND TRAINING | ||
| 690 | _aMANAGEMENT-BUSINESS MANAGEMENT-HUMAN RESOURCE MANAGEMENT | ||
| 690 | _aBUILT ENVIRONMENT-CONSTRUCTION MARKET | ||
| 710 | 1 |
_aCITB-ConstructionSkills _94992 |
|
| 856 | 4 | 0 |
_uhttps://www.cskills.org/uploads/msdp_mainreport_tcm17-26207.pdf _zView the item free of charge at www.cskills.org |
| 942 | _n0 | ||
| 999 |
_c112862 _d112862 |
||